| 000 | 01019nam a2200205 a 4500 | ||
|---|---|---|---|
| 001 | 22542 | ||
| 003 | CO-ViMGA | ||
| 008 | 141112s2004 ck r 000 u spa d | ||
| 040 |
_aCO-ViMGA _bspa _cCO-ViMGA |
||
| 082 | 0 | 4 | _a150.72 G659i |
| 100 | 1 |
_aGonzalez Rey, Fernando _932021 |
|
| 245 | 1 | 0 |
_aInvestigación cualitativa en psicología : _bRumbos y desafíos |
| 260 |
_aMexico : _bThomson, _c2000 |
||
| 300 | _a123 | ||
| 505 | _aDiferentes aproximaciones a la investigación cualitativa : fundamentos epistemológicos 1 - 30 - - Algunos presupuestos generales del desarrollo de la investigación cualitativa en psicología 35 - 51 - - El trabajo de campo en la Investigación psicologica y el proceso de construción de la información en la investigación cualitativa 63 - 94 | ||
| 590 | _aForma de adquisición : Compra - - Precio : 38.000 - - Proveedor : Dismet - - Fecha de adquisición : 2008 | ||
| 650 | 1 | 4 |
_aPSICOLOGIA - InvestigaciónES _927479 |
| 650 | 1 | 4 |
_aPSICOLOGIA EXPERIMENTAL _927480 |
| 942 |
_2ddc _cBK |
||
| 999 |
_c30843 _d30843 |
||